|
|
|
|
| LEADER |
00000cam a2200000 7i4500 |
| 001 |
0000010520 |
| 005 |
20230307.0 |
| 008 |
030522 nyu eng |
| 020 |
|
|
|a 0786853071
|
| 040 |
|
|
|a INSlbenglcINSlerda
|
| 090 |
0 |
0 |
|a GV1853.3.F62
|b W3417 2001
|
| 245 |
0 |
0 |
|a Be our guest :
|b perfecting the art of customer service
|c by Disney Institute
|f foreword by Michael D. Eisner
|
| 264 |
|
1 |
|a New York :
|b Disney Editions
|c 2001
|
| 300 |
|
|
|a xvi, 206 pages ;
|c 19 cm.
|
| 336 |
|
|
|a text
|2 rdacontent
|
| 337 |
|
|
|a unmediated
|2 rdamedia
|
| 338 |
|
|
|a volume
|2 rdacarrier
|
| 650 |
|
0 |
|a Amusement parks
|x Customer services
|z Florida
|z Orlando
|
| 651 |
|
0 |
|a Walt Disney World
|
| 710 |
2 |
|
|a Disney Institute
|
| 999 |
|
|
|a 0000008632
|b BOOK
|c Open Shelf
|e Default branch
|